| 000 | 00346nam 22001093 4500 | ||
|---|---|---|---|
| 001 | 32600 | ||
| 090 | _a32600 | ||
| 100 | _a20260318d u||y0pory50 ba | ||
| 101 | _aeng | ||
| 200 |
_aOutline of the operacional numerical Weather Prediction at the Japan Meteorological Agency _eAppendix to Progress Report on Numerical Weather Prediction |
||
| 801 | _gISBD | ||
| 942 | _n0 | ||